000 01105nam a22002777a 4500
003 PE SENCICO BE
005 20251020182651.0
008 240130b |||||||| |||| 00| 0 eng d
040 _aPE SENCICO BE
_cPE SENCICO BE
041 _aspa
084 _aI
_aDIS
_a2018
_bA67
100 1 _91924
_aArce Quispe, Jean Carlo
_eautor
245 1 _aDesarrollo sostenible aplicado en el diseño de un restaurante /
_cJean Carlo Arce Quispe
260 _aLima :
_c2018
300 _a2 v. :
_bil. col. ;
_c30 cm.
500 _aEl volumen 2 contiene planos.
502 _aMonografía de Titulación.-- Servicio Nacional de Capacitación para la Industria de la Construcción. Escuela Superior Técnica. Carrera Profesional Técnica en Diseño de Interiores, 2018
650 1 0 _944
_aDiseño de interiores
650 2 0 _91335
_aDesarrollo sostenible
650 2 0 _966
_aRestaurantes
650 2 0 _91800
_aAntropometría
650 2 0 _9615
_aPlanos
710 1 _aServicio Nacional de Capacitación para la Industria de la Construcción.
_bEscuela Superior Técnica
_91065
910 _bhfp
_chfp
942 _cMON
_2ddc
999 _c4540
_d4540